000 01740nam a2200529 i 4500
001 14454
003 KOSZ 005
005 20240405063021.0
008 190622s1968 pl a f 000 0 pol
015 _aPB 1968/10679
035 _a991037733439705066
035 _a(PL-WaBN)b20114321-48omnis_nlop
035 _ab20114321
035 _a(OCoLC)839031755
035 _a(PL)b0000002011432
035 _a(EXLNZ-48OMNIS_NETWORK)9910469340405606
040 _aWA N
_cWA N
_dKOSZ 005/RW
046 _k1968
080 _a658(438)
080 _a62(438)
080 _a331.87(438)
080 _a608(438)
080 _a301(438)
100 1 _aTalejko, Eugeniusz
_d(1922-1978).
_eAutor
245 1 0 _aMotywy działalności racjonalizatorskiej i wynalazczej pracowników przemysłu /
_cEugeniusz Talejko.
260 _aWarszawa :
_bPaństwowe Wydawnictwo Naukowe,
_c1968.
300 _a162, [2] strony :
_bilustracje ;
_c22 cm.
336 _aTekst
_btxt
_2rdacontent
337 _aBez urządzenia pośredniczącego
_bn
_2rdamedia
338 _aWolumin
_bnc
_2rdacarrier
380 _aKsiążki
388 _a1901-2000
504 _aBibliografia na stronach 152-[161].
650 7 _aRacjonalizatorstwo
_2DBN
658 _aGospodarka, ekonomia, finanse
650 7 _aPraca
650 7 _aSocjologia
648 7 _a1901-2000
_2DBN
651 7 _aPolska
650 7 _aPrzemysł
_2DBN
648 7 _a1945-1989
_2DBN
650 7 _aWynalazki
_2DBN
710 2 _aPaństwowe Wydawnictwo Naukowe
_4pbl
856 _uhttp://koha.tu.koszalin.pl/cgi-bin/koha/opac-detail.pl?biblionumber=14454
_yKatalog online BPK
942 _2UKD
_cKS
999 _c14454
_d14454